Top Drunken Countries of the World Quiz Stats

Quiz Updated Jul 13, 2016

Challenge
Share
Tweet
Embed
Score 0/26 Timer 04:00
0 Plays Today
Litres per capita Country % Correct
15.76Russia
94%
12.81Germany
93.7%
13.37United Kingdom
91.4%
13.66France
89.4%
14.41Ireland
82.1%
13.25Poland
74.8%
15.60Ukraine
66.7%
12.52Finland
65.2%
13.24Austria
65%
16.45Czechia
64.6%
13.37Denmark
61.2%
12.50Latvia
59%
14.55Portugal
58%
Litres per capita Country % Correct
16.27Hungary
57.5%
13.33Slovakia
57.4%
15.03Lithuania
57%
15.57Estonia
56.1%
15.13Belarus
52.9%
15.19Slovenia
51.2%
15.11Croatia
48%
12.44Bulgaria
47.5%
13.01Luxembourg
37.9%
18.22Moldova
36.3%
14.80South Korea
34.4%
15.48Andorra
25.1%
12.28Nigeria
12.7%

You're not logged in!

Compare scores with friends on all Sporcle quizzes.
Sign Up with Email
OR
Log In

You Might Also Like...

Show Comments

Extras

Top Quizzes Today


Score Distribution

Your Account Isn't Verified!

In order to create a playlist on Sporcle, you need to verify the email address you used during registration. Go to your Sporcle Settings to finish the process.